MARC details
| 000 -LEADER |
| fixed length control field |
01076nam a2200253Ia 4500 |
| 003 - CONTROL NUMBER IDENTIFIER |
| control field |
IN-BaIIA |
| 008 - FIXED-LENGTH DATA ELEMENTS--GENERAL INFORMATION |
| fixed length control field |
211028s9999 xx 000 0 eng d |
| 020 ## - INTERNATIONAL STANDARD BOOK NUMBER |
| International Standard Book Number |
0-89766-180-X |
| 040 ## - CATALOGING SOURCE |
| Transcribing agency |
IIA Library |
| 080 ## - UNIVERSAL DECIMAL CLASSIFICATION NUMBER |
| Universal Decimal Classification number |
524.5(082.2) |
| Item number |
SYM |
| 111 ## - MAIN ENTRY--MEETING NAME |
| Meeting name or jurisdiction name as entry element |
Symposium on the Orion Nebula to Honor Henry Draper |
| Location of meeting |
New York |
| Date of meeting or treaty signing |
1981 |
| 9 (RLIN) |
13140 |
| 245 #0 - TITLE STATEMENT |
| Title |
Symposium on the orion nebula to honor Henry Draper |
| Remainder of title |
symposium on the Orion Nebula to Honor Henry Draper held by the Department of Physics of New York University, 1981 |
| Statement of responsibility, etc. |
edited by A. E. Glassgold, P.J. Huggins and E. L. Schucking |
| 260 ## - PUBLICATION, DISTRIBUTION, ETC. |
| Place of publication, distribution, etc. |
New York |
| Name of publisher, distributor, etc. |
The New York Academy of Sciences |
| Date of publication, distribution, etc. |
1982 |
| 300 ## - PHYSICAL DESCRIPTION |
| Extent |
xii, 338p. |
| 490 ## - SERIES STATEMENT |
| Series statement |
Annals of the New York academy of sciences; v. 395 |
| 650 ## - SUBJECT ADDED ENTRY--TOPICAL TERM |
| Topical term or geographic name entry element |
Astronomy and astrophysics thesaurus |
| 650 ## - SUBJECT ADDED ENTRY--TOPICAL TERM |
| Topical term or geographic name entry element |
Draper Henry |
| 9 (RLIN) |
13141 |
| 650 ## - SUBJECT ADDED ENTRY--TOPICAL TERM |
| Topical term or geographic name entry element |
Orion nebulae |
| 9 (RLIN) |
1190 |
| 650 ## - SUBJECT ADDED ENTRY--TOPICAL TERM |
| Topical term or geographic name entry element |
Stars formation |
| 9 (RLIN) |
13142 |
| 700 ## - ADDED ENTRY--PERSONAL NAME |
| Personal name |
Glassgold, A. E., ed. |
| 9 (RLIN) |
13143 |
| 700 ## - ADDED ENTRY--PERSONAL NAME |
| Personal name |
Huggins, P. J., ed. |
| 9 (RLIN) |
13144 |
| 700 ## - ADDED ENTRY--PERSONAL NAME |
| Personal name |
Schucking, E. L., ed. |
| 9 (RLIN) |
13145 |
| 942 ## - ADDED ENTRY ELEMENTS (KOHA) |
| Koha item type |
Books |